| 000 | 01668cam a2200397 i 4500 | ||
|---|---|---|---|
| 001 | 14770610 | ||
| 003 | EG-ScBUE | ||
| 005 | 20250120091443.0 | ||
| 006 | m||||fq||h 00| 0 | ||
| 008 | 070315t2007 mau f 001 0 eng d | ||
| 020 | _a9781934015261 (hardcover with cdrom : alk. paper) | ||
| 040 |
_aDLC _beng _erda _cDLC _dDLC _dEG-ScBUE |
||
| 082 | 0 | 4 |
_a530 _222 _bKHA |
| 100 | 1 |
_aKhare, P. _q(Purnima) _eauthor. |
|
| 245 | 1 | 0 |
_aEngineering physics : _bFundamentals & modern applications / _cP. Khare, A. Swarup. |
| 264 | 1 |
_aHingham, Mass. : _bInfinity Science Press, _c[2007] |
|
| 264 | 4 | _cc2007 | |
| 300 |
_axiii, 566 pages : _billustrations ; _c24 cm |
||
| 336 |
_2rdacontent _atext _btxt |
||
| 336 |
_2rdacontent _asounds _bsnd |
||
| 337 |
_aunmediated _2rdamedia _bn |
||
| 337 |
_aaudio _2rdamedia _bs |
||
| 338 |
_avolume _bnc _2rdacarrier |
||
| 338 |
_acomputer disc _bcd _2rdacarrier |
||
| 500 | _aIncludes index. | ||
| 505 | 0 | _aQuantum physics -- Electron optics -- Geometrical optics -- Wave theory of light -- Diffraction of light -- Polarisation of light -- Nuclear structure and nuclear forces -- Number systems used in digital electronics -- Logic gates and Boolean algebra -- Dielecrics -- Lasers -- Fibre optics. | |
| 650 | 7 |
_aPhysics. _2BUEsh |
|
| 650 | 7 |
_aPhysics _xIndustrial applications. _2BUEsh |
|
| 650 | 7 |
_aOptics. _2BUEsh |
|
| 650 | 7 |
_aMathematical physics. _2BUEsh |
|
| 655 | _vReading book | ||
| 700 | 1 |
_aSwarup, A. _q(Abhaba) _eauthor. |
|
| 856 | 4 | 1 |
_3Table of contents only _uhttp://www.loc.gov/catdir/toc/ecip0713/2007011160.html |
| 942 |
_2ddc _cBB |
||
| 999 |
_c10999 _d10999 |
||